000 00546nam a22001817i 4500
999 _c23557
_d23557
003 AR-CdUCM
008 260330b20222022pe ||||| |||| 00| 0 spa d
020 _a978-612-48713-3-7
040 _aMUNICIPALIDAD PROVINCIAL DEL CUSCO
_cBIBLIOTECA MUNICIPAL DEL CUSCO
041 _hspa
082 _aPI / 861
_bB24
100 _aBarboza, Jorge
_952400
245 _aEl amor de los colores y otros poemas /
260 _aPerú :
_bNectandra Ediciones
_c2022
300 _a35 páginas. :
_c20,5x20 cm.
942 _2ddc
_cLIBROS
945 _aesh
_d30-03-2026